000 00979nam a22003017a 4500
003 CHAP
005 20220329140207.0
008 971013s1981 r 00010 d
010 _a48369
011 _a49341
035 _a53489
040 _cCHAP
082 _a010
_bT6
100 0 0 _aTorre Villar, Ernesto de la.
_9114009
245 _aMetodología de la investigación bibliográfica, archivística y documental
260 _aMéxico, McGraw-Hill,
_c1981
300 _a298 p.
590 _aBATCH-UPD
_b10
_c20130110
_lUCH01
_h1116
590 _aBATCH-UPD
_b10
_c20130410
_lUCH01
_h0707
590 _aBATCH-UPD
_b10
_c20130914
_lUCH01
_h1654
590 _aCONVERSION
_b10
_c20130109
_lUCH01
_h1326
650 1 4 _aInvestigación
_xMetodología.
_960237
700 0 _aNavarro de Anda, Ramiro.
_980548
901 _aBK
942 _cLIBRO
949 _a010 T6
_bBC
_cLIBRO
_d-118585
_eLIBRO
_fc.2
_h60048
_i53489
_si
949 _a010 T6
_bBC
_cLIBRO
_d33724000297545
_eLIBRO
_h60047
_i53489
_si
999 _c48369
_d48369